<?xml version='1.0' encoding='UTF-8'?>
  <record xmlns="http://www.loc.gov/MARC21/slim">
    <leader>00000cam a22000007i 4500</leader>
    <controlfield tag="001">ocm65834434</controlfield>
    <controlfield tag="003">OCoLC</controlfield>
    <controlfield tag="005">20250621131341.9</controlfield>
    <controlfield tag="008">921013s1665    ne            000 0 dut d</controlfield>
    <datafield tag="040" ind1=" " ind2=" ">
      <subfield code="a">NLGGC</subfield>
      <subfield code="b">dut</subfield>
      <subfield code="e">isbd</subfield>
      <subfield code="c">NLGGC</subfield>
      <subfield code="d">OCLCL</subfield>
      <subfield code="d">OCLCQ</subfield>
    </datafield>
    <datafield tag="029" ind1="0" ind2=" ">
      <subfield code="a">NLGGC</subfield>
      <subfield code="b">098942107</subfield>
    </datafield>
    <datafield tag="035" ind1=" " ind2=" ">
      <subfield code="a">(OCoLC)65834434</subfield>
    </datafield>
    <datafield tag="072" ind1=" " ind2="7">
      <subfield code="a">a</subfield>
      <subfield code="2">odfysin</subfield>
    </datafield>
    <datafield tag="072" ind1=" " ind2="7">
      <subfield code="a">b</subfield>
      <subfield code="2">odfysin</subfield>
    </datafield>
    <datafield tag="072" ind1=" " ind2="7">
      <subfield code="a">c</subfield>
      <subfield code="2">odfysin</subfield>
    </datafield>
    <datafield tag="072" ind1=" " ind2="7">
      <subfield code="a">i</subfield>
      <subfield code="2">odfysin</subfield>
    </datafield>
    <datafield tag="072" ind1=" " ind2="7">
      <subfield code="a">w</subfield>
      <subfield code="2">odfysin</subfield>
    </datafield>
    <datafield tag="072" ind1=" " ind2="7">
      <subfield code="a">x</subfield>
      <subfield code="2">odfysin</subfield>
    </datafield>
    <datafield tag="245" ind1="0" ind2="0">
      <subfield code="a">Beschryvinge van Amsterdam, haar eerste oorspronk uyt den huyze der heeren van Aemstel en Aemstellant; :</subfield>
      <subfield code="b">met een verhaal van haar leven en dappere krijgsdaden. Amsterdams kleyne beginselen, outheyt, bemuuring, en verscheyde vergrotingen ... /</subfield>
      <subfield code="c">Uyt verscheyde oude en nieuwe Hollandtsche kronijcken, beschrijvingen, brieven, willekeuren, &amp;c. by een vergadert ..</subfield>
    </datafield>
    <datafield tag="246" ind1="3" ind2=" ">
      <subfield code="a">Beschryvinge van Amsterdam</subfield>
    </datafield>
    <datafield tag="246" ind1="3" ind2=" ">
      <subfield code="a">Beschryving der stat Amsterdam van haar eerste beginselen oudt heydt, vergrootingen, gebouwen, en geschiedenissen, tot op den jare. 1665</subfield>
    </datafield>
    <datafield tag="260" ind1=" " ind2=" ">
      <subfield code="a">t'Amsterdam, :</subfield>
      <subfield code="b">voor Marcus Willemsz. Doornick ...,</subfield>
      <subfield code="c">1665.</subfield>
    </datafield>
    <datafield tag="300" ind1=" " ind2=" ">
      <subfield code="a">[8], 284, [2], 312, 446, [116] p. :</subfield>
      <subfield code="b">ill. ;</subfield>
      <subfield code="c">in-4.</subfield>
    </datafield>
    <datafield tag="336" ind1=" " ind2=" ">
      <subfield code="a">tekst</subfield>
      <subfield code="b">txt</subfield>
      <subfield code="2">rdacontent/dut</subfield>
    </datafield>
    <datafield tag="337" ind1=" " ind2=" ">
      <subfield code="a">zonder medium</subfield>
      <subfield code="b">n</subfield>
      <subfield code="2">rdamedia/dut</subfield>
    </datafield>
    <datafield tag="338" ind1=" " ind2=" ">
      <subfield code="a">band</subfield>
      <subfield code="b">nc</subfield>
      <subfield code="2">rdacarrier/dut</subfield>
    </datafield>
    <datafield tag="500" ind1=" " ind2=" ">
      <subfield code="a">Collatieformule: * 4  A-Y 4  Z 4  (-Z4) 2A-2N 4  2 A-N 4  2 O 4  (-O4)  2 P-2Q 4  (2Q4+2R)  3 A-O 4  3 P 4  (-P4)  3 Q-3K 4  (a)-(g) 4  (H)-(O) 4  (P) 2.</subfield>
    </datafield>
    <datafield tag="500" ind1=" " ind2=" ">
      <subfield code="a">Met gegraveerd titelblad: Beschryving der stat Amsterdam van haar eerste beginselen oudt heydt, vergrootingen, gebouwen, en geschiedenissen, tot op den jare. 1665.</subfield>
    </datafield>
    <datafield tag="500" ind1=" " ind2=" ">
      <subfield code="a">Samensteller: Tobias van Domselaer.</subfield>
    </datafield>
    <datafield tag="510" ind1="0" ind2=" ">
      <subfield code="a">Nijhoff / Van Hattum 80</subfield>
    </datafield>
    <datafield tag="530" ind1=" " ind2=" ">
      <subfield code="a">Titel is geselecteerd voor digitalisering voor de Universiteit van Amsterdam in het kader van het Google Books-project.</subfield>
    </datafield>
    <datafield tag="700" ind1="1" ind2=" ">
      <subfield code="a">Domselaer, Tobias van,</subfield>
      <subfield code="d">fl. 1660-1682.</subfield>
      <subfield code="0">(NL-LeOCL)070369585</subfield>
    </datafield>
    <datafield tag="700" ind1="1" ind2=" ">
      <subfield code="a">Doornick, Marcus Willemsz.</subfield>
      <subfield code="c">Amsterdam.</subfield>
      <subfield code="4">prt</subfield>
      <subfield code="0">(NL-LeOCL)077147367</subfield>
    </datafield>
    <datafield tag="758" ind1=" " ind2=" ">
      <subfield code="a">Beschriyvinge van Amsterdam, haar eerste oorspronk uyt den huyze der Heeren van Aemstel en Aemstellant (Text)</subfield>
      <subfield code="1">https://id.oclc.org/worldcat/entity/E39PCGPW4Rqwcd6JkTyYHHp8bq</subfield>
      <subfield code="4">https://id.oclc.org/worldcat/ontology/hasWork</subfield>
    </datafield>
    <datafield tag="776" ind1="0" ind2=" ">
      <subfield code="t">Beschryvinge van Amsterdam, haar eerste oorspronk uyt den huyze der heeren van Aemstel en Aemstellant;</subfield>
      <subfield code="w">(NL-LeOCL)396735657</subfield>
    </datafield>
    <datafield tag="776" ind1="0" ind2=" ">
      <subfield code="t">Beschryvinge van Amsterdam, haar eerste oorspronk uyt den huyze der heeren van Aemstel en Aemstellant;</subfield>
      <subfield code="w">(NL-LeOCL)404353924</subfield>
    </datafield>
    <datafield tag="776" ind1="0" ind2=" ">
      <subfield code="t">Beschryvinge van Amsterdam, haar eerste oorspronk uyt den huyze der heeren van Aemstel en Aemstellant;</subfield>
      <subfield code="w">(NL-LeOCL)431439141</subfield>
    </datafield>
    <datafield tag="856" ind1="4" ind2="2">
      <subfield code="y">Short Title Catalogue, Netherlands</subfield>
      <subfield code="u">http://resolver.kb.nl/resolve?urn=STCN:844195251:record</subfield>
      <subfield code="z">zie de oorspronkelijke beschrijving bij de STCN voor mogelijk overige vindplaatsen</subfield>
      <subfield code="7">0</subfield>
    </datafield>
    <datafield tag="936" ind1=" " ind2=" ">
      <subfield code="a">BATCHLOAD</subfield>
    </datafield>
  </record>